Informačný systém evidencie pre automobilovú predajňu
Enregistré dans:
| Auteur principal: | |
|---|---|
| Autres auteurs: | |
| Format: | Manuscrit Livre |
| Langue: | slovaque |
| Publié: |
2018
|
| Sujets: | |
| Accès en ligne: | http://is.stuba.sk/zp/portal_zp.pl?podrobnosti=146399 |
| Tags: |
Pas de tags, Soyez le premier à ajouter un tag!
|
MARC
| LEADER | 00000ntm a22000003a 4500 | ||
|---|---|---|---|
| 001 | stuzp70154 | ||
| 003 | SK-STU | ||
| 005 | 20180820161938.8 | ||
| 007 | ta | ||
| 008 | 150427s2015----xo-----f-mn---000-0-slo-d | ||
| 040 | |a STU |b slo | ||
| 041 | 0 | |a slo | |
| 100 | 1 | |a Hajdúch, Patrik |u 066000 |4 aut |U MTF Materiálovotechnologická fakulta |T MTF Ústav aplikovanej informatiky, automatizácie a mechatroniky |X 73410 |U M6000 |Y 86 |7 73410 | |
| 242 | 0 | 1 | |a Registry Information System for automobile store |y eng |
| 245 | 1 | 0 | |a Informačný systém evidencie pre automobilovú predajňu |
| 260 | |c 2018 | ||
| 650 | 4 | |a (IS)-Informačný systém |2 slo | |
| 650 | 4 | |a entitno-relačný diagram |2 slo | |
| 650 | 4 | |a transformačný model |2 slo | |
| 650 | 4 | |a fyziologicky model |2 slo | |
| 650 | 4 | |a databáza |2 slo | |
| 650 | 4 | |a diagramy |2 slo | |
| 650 | 4 | |a (IS) -Information system |2 eng | |
| 650 | 4 | |a entity-relational diagram |2 eng | |
| 650 | 4 | |a transformation model |2 eng | |
| 650 | 4 | |a physiological model |2 eng | |
| 650 | 4 | |a database |2 eng | |
| 650 | 4 | |a diagrams |2 eng | |
| 700 | 1 | |a Tadanai, Ondrej |u 066000 |k Z3 |4 ths |U MTF Materiálovotechnologická fakulta |T MTF Ústav aplikovanej informatiky, automatizácie a mechatroniky |X 66100 |U M6000 |Y 86 |7 A000066100 | |
| 856 | 4 | |u http://is.stuba.sk/zp/portal_zp.pl?podrobnosti=146399 | |
| 996 | |c M* BP-8199 |l MMSKP |s P |a 0 |w stuzp70154_0001 | ||